书目信息 |
| 题名: |
接触力学与摩擦学的原理及其应用
|
|
| 作者: | 波波夫 著 ;李强 , 雒建斌 译 | |
| 分册: | ||
| 出版信息: | 北京 清华大学出版社 2019.01 |
|
| 页数: | 19, 313页 | |
| 开本: | 24cm | |
| 丛书名: | ||
| 单 册: | ||
| 中图分类: | O343.3 , O313.5 | |
| 科图分类: | ||
| 主题词: | 接触应力--jie chu ying li--力学 , 摩擦学--ma ca xue | |
| 电子资源: | ||
| ISBN: | 978-7-302-51971-3 | |
| 000 | 01846nam0 2200361 450 | |
| 001 | 0106081829 | |
| 005 | 20201109085252.50 | |
| 010 | @a978-7-302-51971-3@dCNY79.00 | |
| 100 | @a20190508e20202019em y0chiy50 ea | |
| 101 | 1 | @achi@ceng |
| 102 | @aCN@b110000 | |
| 105 | @aa zq 001yy | |
| 106 | @ar | |
| 200 | 1 | @a接触力学与摩擦学的原理及其应用@Ajie chu li xue yu mo ca xue de yuan li ji qi ying yong@dContact mechanics and friction physical principles and applications@f(德)瓦伦丁 L. 波波夫著@g李强,雒建斌译@zeng |
| 205 | @a2版 | |
| 210 | @a北京@c清华大学出版社@d2019.01@h2020.05 | |
| 215 | @a19, 313页@c图,照片@d24cm | |
| 305 | @a由德国施普林格公司授权清华大学出版社 | |
| 314 | @a瓦伦丁L.波波夫(ValentinL.Popov),1985年于国立莫斯科罗蒙诺索夫大学获得物理学博士学位。从2002年开始,在柏林工业大学力学研究所领导动力摩擦部门。 | |
| 314 | @a李强(1985-),男,现为柏林工业大学摩擦学与系统动力学组博士后。 | |
| 314 | @a雒建斌(1961-),男,中国科学院院士,清华大学研究员,博士生导师。现任清华大学机械学院院长兼机械工程主任,清华大学高端装备研究院院长等职。先后获得国家自然科学二等奖、国家科技进步二等奖等奖项。 | |
| 320 | @a有索引(第310-313页) | |
| 330 | @a本书将摩擦学问题与经典力学结合起来,既反映了摩擦学领域接触、黏着、毛细力、摩擦、弹流润滑和微动磨损等问题的研究进展,又介绍了摩擦学研究的新成果,包括基本参数的估算、解析复杂问题的数值仿真、纳米摩擦、解决摩擦学问题的动力学方法等。 | |
| 510 | 1 | @aContact mechanics and friction physical principles and applications@zeng |
| 606 | 0 | @a接触应力@Ajie chu ying li@x力学 |
| 606 | 0 | @a摩擦学@Ama ca xue |
| 690 | @aO343.3@v5 | |
| 690 | @aO313.5@v5 | |
| 701 | 0 | @c(德)@a波波夫@Abo bo fu@c(Popov, Valentin L. )@4著 |
| 702 | 0 | @a李强@Ali qiang@f(1985-)@4译 |
| 702 | 0 | @a雒建斌@Aluo jian bin@f(1961-)@4译 |
| 801 | 0 | @aCN@bBJSZM@c20201106 |
| 905 | @b1192532-5@dO343.3@e42=2@f4 | |
| 接触力学与摩擦学的原理及其应用=Contact mechanics and friction physical principles and applications/(德)瓦伦丁 L. 波波夫著/李强,雒建斌译.-2版.-北京:清华大学出版社,2019.01(2020.05) |
| 19, 313页:图,照片;24cm |
| ISBN 978-7-302-51971-3:CNY79.00 |
| 本书将摩擦学问题与经典力学结合起来,既反映了摩擦学领域接触、黏着、毛细力、摩擦、弹流润滑和微动磨损等问题的研究进展,又介绍了摩擦学研究的新成果,包括基本参数的估算、解析复杂问题的数值仿真、纳米摩擦、解决摩擦学问题的动力学方法等。 |
| ● |
| 相关链接 |
|
|
|
|
正题名:接触力学与摩擦学的原理及其应用
索取号:O343.3/42=2
 
预约/预借
| 序号 | 登录号 | 条形码 | 馆藏地/架位号 | 状态 | 备注 |
| 1 | 1192532 | 211925327 | 第二样本阅览室/ [索取号:O343.3/42=2] | 在馆 | |
| 2 | 1192533 | 211925336 | 第三借阅区/ [索取号:O343.3/42=2] | 在馆 | |
| 3 | 1192534 | 211925345 | 第三借阅区/ [索取号:O343.3/42=2] | 在馆 | |
| 4 | 1192535 | 211925354 | 第三借阅区/ [索取号:O343.3/42=2] | 在馆 |